000 00306nam a22001457a 4500
008 210312b ||||| |||| 00| 0 eng d
020 _a9780801670657
041 _aeng
080 _a61
082 _a61
100 _a3
101 _aSHM
245 _aStandard First Aid
_cCranston, R
942 _2udc
_cBK
999 _c56552
_d56552